000 00489nam a2200169 i 4500
001 91429
003 ES-MaACL
007 t|
008 050131s1975 sp ||||1| spa d
100 1 _aLevinson, Charles.
_971981
245 1 4 _aLos trusts de los midicamentos /
_cCharles Levinson ; [traducción de M. Ginés].
250 _a[1ª ed.].
260 _a[Barcelona] :
_bDopesa,
_c[1975]
300 _a176 p. ;
_c20 cm.
700 1 _aGinés, M.
_957134
852 _aES-MaACL
_jE-8458
_bR.92782
999 _c91429
_d91429